000 00808nam a22001817a 4500
008 110621t xxu||||| |||| 00| 0 ara d
082 _222
_a297.82
_bم غ ر
100 1 _925616
_aالمغربي ، النعمان بن حيون التميمي
245 _aكتاب أساس التأويل /
_cالنعمان بن حيون التميمي المغربي ؛ تحقيق وتقديم عارف تامر
260 _aبيروت :
_bمنشورات دار الثقافة ،
_c[د . ت].
300 _a408 ص ؛
_c24 سم.
490 0 _925634
_aسلسلة المخطوطات العربية
_n2
504 _aيشتمل على إرجاعات ببليوجرافية وفهارس
650 _925627
_aالتأويل
650 _97966
_aفقه الشيعة
650 _925633
_aقرآن
_xتفسير
942 _2ddc
_cBB
999 _c15645
_d15645